| 000 | 00855nam a22002057a 4500 | ||
|---|---|---|---|
| 999 |
_c194069 _d194069 |
||
| 005 | 20230130140628.0 | ||
| 010 | _aB-746123-134 E.N.A./7.11.22 | ||
| 020 |
_a9789390473717 _c375.00 |
||
| 035 | _aB-746123-134 | ||
| 037 | _bAcademic Aspirations | ||
| 082 | _a954 | ||
| 100 | _aTrivedi, Chandra Pramod | ||
| 245 |
_aHistory of India: _b(c.1206-1550)/ _cPramod Chandra Trivedi and Rajesh Sanyal |
||
| 260 |
_aNew Delhi _bAcademic Aspirations _c2022 |
||
| 270 |
_a4740/23,Ansari Road, Daryaganj, _bNew Delhi _e110002 _k91-11-23267924 |
||
| 300 |
_a184p. _c24cm(pbk) |
||
| 700 | _aSanyal, Rajesh | ||
| 942 |
_2ddc _cEN _mTRI _h954 |
||